Tony Award: Best Actor in a Musical Quiz Stats

Quiz not verified by Sporcle

Challenge
Share
Tweet
Embed
Score 0/69 Timer 10:00
0 Plays Today
Year Winner % Correct
2014Neil Patrick Harris
92.9%
2017Ben Platt
92.7%
1996Nathan Lane
91.3%
2001Nathan Lane
91.3%
2016Leslie Odom, Jr.
88.9%
2004Hugh Jackman
87.2%
1998Alan Cumming
83.7%
1995Matthew Broderick
83.2%
2003Harvey Fierstein
83.2%
1988Michael Crawford
82.1%
1957Rex Harrison
81.6%
2015Michael Cerveris
81.4%
1963Zero Mostel
80.6%
1965Zero Mostel
80.6%
2005Norbert Leo Butz
80.1%
2011Norbert Leo Butz
80.1%
2007David Hyde Pierce
79.1%
2000Brian Stokes Mitchell
75.5%
1973Ben Vereen
74.5%
1979Len Cariou
74%
2013Billy Porter
73%
2002John Lithgow
68.9%
1991Jonathan Pryce
68.4%
1981Kevin Kline
67.3%
1953Thomas Mitchell
66.8%
1989Jason Alexander
66.8%
2012Steve Kazee
65.8%
2006John Lloyd Young
64.8%
1958Robert Preston
64.3%
1967Robert Preston
64.3%
1962Robert Morse
63.8%
1999Martin Short
63.8%
2010Douglas Hodge
63.3%
1969Jerry Orbach
62.2%
2008Paulo Szot
61.2%
Year Winner % Correct
1984George Hearn
60.7%
1990James Naughton
60.7%
1997James Naughton
60.7%
1961Richard Burton
59.2%
2009David Alvarez, Trent Kowalik, and Kiril Kulish
57.7%
1983Tommy Tune
54.6%
1952Phil Silvers
54.1%
1972Phil Silvers
54.1%
1993Brent Carver
53.6%
1994Boyd Gaines
53.1%
1976George Rose
52.6%
1986George Rose
52.6%
1950Ezio Pinza
50%
1992Gregory Hines
47.4%
1974Christopher Plummer
45.4%
1959Richard Kiley
43.9%
1966Richard Kiley
43.9%
1975John Cullum
43.4%
1978John Cullum
43.4%
1980Jim Dale
43.4%
1956Ray Walston
42.9%
1951Robert Alda
41.8%
1954Alfred Drake
39.8%
1968Robert Goulet
37.2%
1977Barry Bostwick
36.7%
1960Jackie Gleason
33.2%
1982Ben Harney
33.2%
1949Ray Bolger
32.7%
1964Bert Lahr
31.6%
1970Cleavon Little
31.1%
1987Robert Lindsay
30.6%
1971Hal Linden
30.1%
1948Paul Hartman
23%
1955Walter Slezak
20.9%

You're not logged in!

Compare scores with friends on all Sporcle quizzes.
Sign Up with Email
OR
Log In

You Might Also Like...

Show Comments

Extras

Top Quizzes Today


Score Distribution

Your Account Isn't Verified!

In order to create a playlist on Sporcle, you need to verify the email address you used during registration. Go to your Sporcle Settings to finish the process.